Evaluación educativa (Registro nro. 26673)

Detalles MARC
000 -LEADER
fixed length control field 00318 a2200109 4500
001 - CONTROL NUMBER
control field ART_12912
005 - DATE AND TIME OF LATEST TRANSACTION
control field 20260410161909.0
008 - FIXED-LENGTH DATA ELEMENTS--GENERAL INFORMATION
fixed length control field 260409a
100 1# - MAIN ENTRY--PERSONAL NAME
Personal name Fernández Durán, Elsa S. de
245 10 - TITLE STATEMENT
Title Evaluación educativa
773 0# - HOST ITEM ENTRY
Title Costos y gestión
Related parts - Año 13, Nº 53 (sep. 2004)
Record control number REV12786

No hay ítems disponibles.